| 000 | 01202nam a22002537a 4500 | ||
|---|---|---|---|
| 010 | _aA-458570 | ||
| 020 | _c74.00 | ||
| 035 | _aA-458570 | ||
| 037 | _aCen Lib / Ret | ||
| 040 |
_aDPL _bHN |
||
| 082 |
_a423.8 _bभारत |
||
| 245 | _aहिंदी- सिंधी-अंग्रेजी त्रिभाषा कोश / | ||
| 246 | _aHindi-Sindhi-English Trilingual Dictionary / | ||
| 260 |
_aनई दिल्ली _bकेंदीय हिंदी निदेशालय _c1986 |
||
| 270 |
_aशिक्षा विभाग, मानव संसाधन विकास मंत्रालय, पश्चिमी खण्ड-7 रामकृष्णपुरम _bनई दिल्ली _e110066 |
||
| 300 |
_a v 1. 10007 ; v 3. 404p. _b24cm |
||
| 490 |
_aत्रिभाषा कोशमाला _v8 |
||
| 505 | _av 2. अ-छ v 3. व-ह | ||
| 650 | _aहिंदी--कन्नड़--इंग्लिश शब्दकोष | ||
| 650 | _aहिंदी--शब्दकोष | ||
| 650 | _aHindi--Kannad --english-- Dictionary | ||
| 650 | _aHindi -- Dictionary | ||
| 942 |
_2ddc _cHN _h423.8 _mभारत |
||
| 999 |
_c122169 _d122169 |
||